000 00945nam a2200277Ia 4500
008 160803s9999 xx 000 0 und d
020 _a9780590508339
100 _aRelf, Patricia
245 4 _aThe magic school bus wet all over :
245 _ba book about the water cycle /
260 _aNew York :
260 _bScholastic Inc.
260 _c1996
300 _a28 unnumbered pages:
300 _bcolor illustrations ;
300 _c21 cm.
440 _aThe Magic school bus ;
440 _vbk. 14.
500 _a"Based on the episode from the animated TV series produced by Scholastic Productions, Inc. ; based on The magic school bus book series written by Joanna Cole and illustrated by Bruce Degin"--Title page verso.
650 _aHydrologic cycle --
650 _aWater --
650 _xJuvenile literature.
650 _xJuvenile literature.
700 _a350
700 _aCole, Joanna. Magic school bus.
999 _c299379
_d299379